书目信息 |
| 题名: |
地图投影图集
|
|
| 作者: | 龚剑文 , 胡毓 编 | |
| 分册: | ||
| 出版信息: | 北京 测绘出版社 1985 |
|
| 页数: | 76页 | |
| 开本: | 26cm | |
| 丛书名: | ||
| 单 册: | ||
| 中图分类: | P282.1 | |
| 科图分类: | ||
| 主题词: | 地图投影--地图集 | |
| 电子资源: | ||
| ISBN: | ||
| 000 | 00645nam0 2200241 45 | |
| 001 | 0185009890 | |
| 005 | 20060425170151.93 | |
| 010 | @dCNY0.90 | |
| 091 | @a15039.新352 | |
| 100 | @a19930928d1985 em y0chiy0121 ea | |
| 101 | 0 | @achi |
| 102 | @aCN@b110000 | |
| 105 | @ab z 000yy | |
| 200 | 10 | @a地图投影图集@Adi tu tou ying tu ji@f龚剑文,胡毓编@Fgong jian wen,hu yu bian |
| 210 | @a北京@c测绘出版社@d1985 | |
| 215 | @a76页@d26cm | |
| 606 | @a地图投影@x地图集 | |
| 690 | @aP282.1@v3 | |
| 701 | 0 | @a龚剑文@Agong jian wen@4编 |
| 701 | 0 | @a胡毓@Ahu yu@4编 |
| 801 | 2 | @aCN@bNLC@c20060425 |
| 801 | 0 | @aCN@bTSSF |
| 905 | @a10447@dP282.1@e29 | |
| 地图投影图集/龚剑文,胡毓编.-北京:测绘出版社,1985 |
| 76页;26cm |
| ISBN :CNY0.90 |
| ● |
| 相关链接 |
|
|
|
|
正题名:地图投影图集
索取号:P282.1/29
 
预约/预借
| 序号 | 登录号 | 条形码 | 馆藏地/架位号 | 状态 | 备注 |
| 1 | 0131443 | 000698169 | 密集书库/ [索取号:P282.1/29] | 在馆 | |
| 2 | 0131444 | 000698150 | 密集书库/ [索取号:P282.1/29] | 在馆 | |
| 3 | 0131445 | 202105998 | 第二样本阅览室/ [索取号:P282.1/29] | 在馆 |